Normal view
MARC view
Entry Personal Name
001 - CONTROL NUMBER
- control field: 71827
003 - CONTROL NUMBER IDENTIFIER
- control field: MY-SjTCS
005 - DATE AND TIME OF LATEST TRANSACTION
- control field: 20191205135215.0
008 - FIXED-LENGTH DATA ELEMENTS
- fixed length control field: 141231nn a|a||abb| a a|a d
039 #9 -
- : 201412311228
- : shuhada
040 ## - CATALOGING SOURCE
- Original cataloging agency: VRT
- Transcribing agency: VRT
100 1# - HEADING--PERSONAL NAME
- Personal name: Leyse-Wallace, Ruth
400 1# - SEE FROM TRACING--PERSONAL NAME
- Personal name: Wallace, Ruth Leyse-
670 ## - SOURCE DATA FOUND
- Source citation: Nutrition and mental health /:
- Information found: t.p. (Ruth Leyse-Wallace.)
999 ## -
- : VIRTUA4 x
999 ## -
- : VTLSSORT0080*0400*1000*4000*6700*9991